000 00389nam a2200121Ia 4500
008 170221s9999 xx 000 0 und d
100 _aAdrian Chiang
245 _aHow Entrepreneurs Can Crowdfund Renewable Energy Projects
245 _cAdrian Chiang
260 _c2013
650 _xBusiness
856 _uhttp://digitalcommons.pepperdine.edu/cgi/viewcontent.cgi?article=1134&context=jbel
999 _c309557
_d309557